Venäjän historia -visa - Statistics

Yleistilastot
  • Tätä visaa on pelattu 916 kertaa
  • Keskiarvotulos 12 / 20
Vastaustilastot
Vihje Vastaus % Oikein
Tosiasiallinen johtaja vuodesta 2000 lähtien Vladimir Putin
95%
Diktaattori, joka tapatti miljoonia mutta voitti toisen maailmansodan Josif Stalin
93%
Niemimaa, jonka Venäjä valloitti 2014 Krim
91%
Ensimmäinen kommunistinen johtaja Vladimir Lenin
88%
Ensimmäinen ihminen avaruudessa Juri Gagarin
75%
Satelliitti, joka aloitti avaruuskilvan Sputnik
72%
Kommunistinen ryhmä, joka kaappasi vallan 1917 Bolševikit
67%
Vuonna 1955 perustettu Neuvostoliiton ja sen liittolaisten liitto {Varsovan} liitto
62%
"Suuri" keisarinna Katariina Suuri
61%
Vuonna 2008 miehitetty valtio Georgia
59%
Vuonna 1979 miehitetty valtio Afganistan
58%
Siperian vankileirijärjestelmä yllä olevan hallintokauden aikana Gulag
58%
"Sodan ja rauhan" kirjoittaja Leo Tolstoi
57%
Ensimmäinen demokraattisesti valittu presidentti Boris Jeltsin
53%
Tsaari, joka siirsi pääkaupungin Pietari Suuri
52%
Muinainen linnoitus Moskovassa Kreml
46%
Viimeinen tsaarien dynastia Romanov
45%
Venäjän osa, jota vastaan Venäjä soti kaksi kertaa 1990-luvulla Tšetšenia
40%
Ensimmäinen tsaari Iivana Julma
35%
Venäjän "edeltäjä", 900- ja 1000-lukujen suurvalta {Kiovan} Venäjä
24%
Ehtoja vastaavia visoja ei löytynyt
Tulosjakauma
Jokaisen tuloksen saaneiden osuus
Persentiili vastausten määrän mukaan
Tuloshistoriasi
Et ole pelannut tätä visaa